[Event "XII. DBMM Schach"]
[Site "Berlin"]
[Date "2012.10.12"]
[Round "4.2"]
[White "Aab, Manfred"]
[Black "Brethauer, Tim"]
[Result "1-0"]
[WhiteElo "1802"]
[BlackElo "1619"]
[Annotator "rs"]
[PlyCount "122"]
[EventDate "2012.??.??"]
[Source "FV Schach e.V."]
[SourceDate "2012.10.14"]
[WhiteTeam "SG Stern Stuttgart II"]
[BlackTeam "Sparkassenvers. Stuttgart II"]
[WhiteTeamCountry "GER"]
[BlackTeamCountry "GER"]

1. d4 e6 2. e4 d5 3. Nd2 c5 4. dxc5 Bxc5 5. Nb3 Bb6 6. exd5 exd5 7. Nf3 Nf6 8.
Be2 O-O 9. O-O Re8 10. Nfd4 Nc6 11. Bf3 Ne4 12. Be3 Qh4 13. g3 Qf6 14. Bg2 a5
15. a4 Ne5 16. Nb5 Bg4 17. Qxd5 Nf3+ 18. Kh1 Nxg3+ 19. fxg3 Rxe3 20. c3 Be6 21.
Qxb7 Re8 22. Qxb6 Bc4 23. Qxf6 gxf6 24. Rxf3 Re1+ 25. Rf1 Bxf1 26. Rxe1 Rxe1
27. Bxf1 Rxf1+ 28. Kg2 Rb1 29. Nxa5 Rxb2+ 30. Kh3 Ra2 31. Nc6 Rxa4 32. Ncd4 Rc4
33. Kg4 Kg7 34. Kf3 Kg6 35. Ke3 Kg5 36. h3 h5 37. Kd3 Ra4 38. Nf3+ Kg6 39. c4
Ra1 40. c5 Rd1+ 41. Kc4 Rc1+ 42. Kd5 Rf1 43. Nbd4 Rc1 44. c6 Rc3 45. Kd6 f5 46.
Nh4+ Kg5 47. Nhxf5 Ra3 48. c7 Rc3 49. Kd7 Kf6 50. c8=Q Rxc8 51. Kxc8 Ke5 52.
Kd7 Kf6 53. Kd6 Kg5 54. Ke5 f6+ 55. Ke6 Kg6 56. Nf3 h4 57. g4 Kh7 58. Kxf6 Kh8
59. Kf7 Kh7 60. g5 Kh8 61. N3xh4 Kh7 1-0

[Event "XII. DBMM Schach"]
[Site "Berlin"]
[Date "2012.10.12"]
[Round "4.4"]
[White "Balija, Cerim"]
[Black "Fenn Ries, Ruediger"]
[Result "0-1"]
[WhiteElo "1576"]
[BlackElo "1263"]
[Annotator "rs"]
[PlyCount "72"]
[EventDate "2012.??.??"]
[Source "FV Schach e.V."]
[SourceDate "2012.10.14"]
[WhiteTeam "SG Stern Stuttgart II"]
[BlackTeam "Sparkassenvers. Stuttgart II"]
[WhiteTeamCountry "GER"]
[BlackTeamCountry "GER"]

1. e4 c5 2. c3 Nc6 3. Nf3 d6 4. Bc4 h6 5. d4 e5 6. dxe5 dxe5 7. Qb3 Na5 8. Bb5+
Bd7 9. Qa4 Nc6 10. Qb3 Nf6 11. Nbd2 Na5 12. Bxd7+ Nxd7 13. Qa4 Bd6 14. b4 cxb4
15. cxb4 Nc6 16. a3 Nb6 17. Qb3 O-O 18. O-O Nd4 19. Nxd4 exd4 20. Nf3 Re8 21.
Re1 Rc8 22. Bb2 Re7 23. Bxd4 Qe8 24. Bxb6 axb6 25. Qe3 Rec7 26. e5 Re7 27. Qxb6
Bxe5 28. Nxe5 Rxe5 29. Kf1 Rxe1+ 30. Rxe1 Qd7 31. Qe3 Kf8 32. Rc1 Re8 33. Qc5+
Kg8 34. Qc3 Qd6 35. g3 Qd5 36. Re1 Qh1# 0-1

[Event "XII. DBMM Schach"]
[Site "Berlin"]
[Date "2012.10.12"]
[Round "4.1"]
[White "Gall, Mike"]
[Black "Gueldenpfennig, Gavin"]
[Result "1/2-1/2"]
[WhiteElo "1478"]
[BlackElo "1306"]
[Annotator "rs"]
[PlyCount "118"]
[EventDate "2012.??.??"]
[Source "FV Schach e.V."]
[SourceDate "2012.10.14"]
[WhiteTeam "TT/WiHeil Berlin"]
[BlackTeam "SV Senat Berlin IV"]
[WhiteTeamCountry "GER"]
[BlackTeamCountry "GER"]

1. d4 d5 2. Bf4 Nf6 3. Nd2 Nc6 4. c3 e6 5. e3 Bd6 6. Bg3 O-O 7. Bd3 e5 8. dxe5
Nxe5 9. Bxe5 Bxe5 10. Ngf3 Bd6 11. O-O Bg4 12. Qc2 h6 13. Rfe1 c5 14. Bf5 Bxf5
15. Qxf5 Qd7 16. Qxd7 Nxd7 17. e4 dxe4 18. Nxe4 Bc7 19. Rad1 Rad8 20. Rd5 b6
21. Red1 Nb8 22. Rxd8 Rxd8 23. Rxd8+ Bxd8 24. Kf1 f5 25. Nd6 f4 26. Ke2 Bc7 27.
Ne8 Bd8 28. Nd6 g5 29. h3 Kg7 30. Kd3 a6 31. Nf5+ Kg6 32. Nd6 Nc6 33. Nc4 b5
34. Nce5+ Nxe5+ 35. Nxe5+ Kh5 36. Ke4 c4 37. a4 Bb6 38. Kf3 Bc7 39. Ke4 Kh4 40.
axb5 axb5 41. Nf3+ Kh5 42. Nd4 Bb6 43. Nxb5 Bxf2 44. Kf3 Bc5 45. Na3 Kg6 46.
Nxc4 Kf5 47. b4 Ba7 48. Nd6+ Ke6 49. Ne8 Kd5 50. Nf6+ Kc4 51. Kg4 Kxc3 52. Ng8
Kxb4 53. Nxh6 Be3 54. Nf7 Kc4 55. Nxg5 Kd5 56. Kf3 Ke5 57. Nf7+ Kf6 58. Nh6 Kg5
59. Ng4 Bc1 1/2-1/2

[Event "XII. DBMM Schach"]
[Site "Berlin"]
[Date "2012.10.12"]
[Round "4.2"]
[White "Weihrich, Joerg"]
[Black "Lange, Andreas"]
[Result "1/2-1/2"]
[WhiteElo "1552"]
[BlackElo "1620"]
[Annotator "rs"]
[PlyCount "48"]
[EventDate "2012.??.??"]
[Source "FV Schach e.V."]
[SourceDate "2012.10.14"]
[WhiteTeam "SV Senat Berlin IV"]
[BlackTeam "TT/WiHeil Berlin"]
[WhiteTeamCountry "GER"]
[BlackTeamCountry "GER"]

1. e4 e6 2. d4 d5 3. exd5 exd5 4. Nf3 Bd6 5. Nc3 Ne7 6. Bg5 f6 7. Bh4 c6 8. Bd3
Bg4 9. h3 Bf5 10. Ne2 Qd7 11. Bg3 Bxd3 12. Qxd3 Bxg3 13. Nxg3 Qe6+ 14. Kd2 O-O
15. Rae1 Qf7 16. Qe2 Ng6 17. Nf5 Na6 18. Ne7+ Nxe7 19. Qxe7 Rae8 20. Qxf7+ Kxf7
21. c3 Nc7 22. g3 Nb5 23. Rxe8 Rxe8 24. Ne1 Ke6 1/2-1/2

[Event "XII. DBMM Schach"]
[Site "Berlin"]
[Date "2012.10.12"]
[Round "4.3"]
[White "Kaczmarek, Andreas"]
[Black "Tschirschwitz, Stephan"]
[Result "1-0"]
[WhiteElo "1544"]
[BlackElo "1412"]
[Annotator "rs"]
[PlyCount "83"]
[EventDate "2012.??.??"]
[Source "FV Schach e.V."]
[SourceDate "2012.10.14"]
[WhiteTeam "TT/WiHeil Berlin"]
[BlackTeam "SV Senat Berlin IV"]
[WhiteTeamCountry "GER"]
[BlackTeamCountry "GER"]

1. d4 d5 2. Bf4 Nf6 3. Nd2 b6 4. e3 c6 5. c3 Bf5 6. Ngf3 Nbd7 7. h3 h6 8. Rc1
e6 9. Be2 Ne4 10. O-O Be7 11. c4 O-O 12. cxd5 Nxd2 13. Qxd2 cxd5 14. Ba6 e5 15.
Nxe5 Nxe5 16. Bxe5 Bd6 17. Bxd6 Qxd6 18. Bd3 Bxd3 19. Qxd3 Qd7 20. Rc2 Rfc8 21.
Rfc1 Rxc2 22. Qxc2 Kf8 23. Qc6 Qxc6 24. Rxc6 Ke7 25. Rc7+ Ke6 26. Kf1 g6 27.
Ke2 h5 28. Kd2 f6 29. f3 Kd6 30. Rc3 f5 31. Kd3 Re8 32. b4 b5 33. Ra3 Re7 34.
Ra6+ Kd7 35. Rxa7+ Kd8 36. Rxe7 Kxe7 37. e4 dxe4+ 38. fxe4 fxe4+ 39. Kxe4 Ke6
40. d5+ Kd6 41. h4 Ke7 42. Ke5 1-0

[Event "XII. DBMM Schach"]
[Site "Berlin"]
[Date "2012.10.13"]
[Round "5.1"]
[White "Lubbe, Nikolas"]
[Black "Rabiega, Robert"]
[Result "0-1"]
[WhiteElo "2406"]
[BlackElo "2455"]
[Annotator "br"]
[PlyCount "98"]
[EventDate "2012.??.??"]
[Source "FV Schach e.V."]
[SourceDate "2012.10.14"]
[WhiteTeam "KPMG AG Frankfurt"]
[BlackTeam "SK Praesident Berlin"]
[WhiteTeamCountry "GER"]
[BlackTeamCountry "RUS"]

1. e4 e5 2. Bc4 Nf6 3. d3 c6 4. Nf3 Be7 5. O-O O-O 6. Bb3 d6 7. c3 Qa5 8. Bc2
c5 9. Nbd2 Nc6 10. Re1 Re8 11. Nf1 h6 12. h3 Be6 13. Ng3 Rac8 14. Ba4 a6 15.
Bxc6 bxc6 16. c4 Nd7 17. b3 Nf8 18. Bd2 Qc7 19. Qe2 Ng6 20. Nh2 Bg5 21. Bxg5
hxg5 22. Nh5 Nf4 23. Qf3 a5 24. Nxf4 gxf4 25. g3 fxg3 26. fxg3 f5 27. exf5 Bxf5
28. g4 Bg6 29. Qg3 a4 30. bxa4 Ra8 31. h4 Rxa4 32. h5 Bf7 33. Nf3 Ra3 34. Rad1
Be6 35. Re4 Rxa2 36. Rf1 Rf8 37. Ng5 Rxf1+ 38. Kxf1 Qe7 39. Nf3 Qb7 40. h6 gxh6
41. Kg1 Qg7 42. Qh4 Bf5 43. g5 hxg5 44. Qh5 Bxe4 45. dxe4 Qf7 46. Qg4 Ra3 47.
Nh2 Ra1+ 48. Kg2 Ra2+ 49. Kh1 Rxh2+ 0-1

[Event "XII. DBMM Schach"]
[Site "Berlin"]
[Date "2012.10.13"]
[Round "5.2"]
[White "Meister, Jakob"]
[Black "Ohme, Melanie"]
[Result "1-0"]
[WhiteElo "2414"]
[BlackElo "2337"]
[Annotator "br"]
[PlyCount "69"]
[EventDate "2012.??.??"]
[Source "FV Schach e.V."]
[SourceDate "2012.10.14"]
[WhiteTeam "SK Praesident Berlin"]
[BlackTeam "KPMG AG Frankfurt"]
[WhiteTeamCountry "RUS"]
[BlackTeamCountry "GER"]

1. e4 c5 2. c3 Nf6 3. e5 Nd5 4. d4 cxd4 5. Qxd4 e6 6. Nf3 Nc6 7. Qe4 f5 8. exf6
Nxf6 9. Qc2 d5 10. Bg5 Qc7 11. Nbd2 e5 12. Bb5 Bd6 13. c4 d4 14. c5 Be7 15. O-O
O-O 16. Rfe1 Kh8 17. Bxc6 Qxc6 18. Rxe5 Qc7 19. Rae1 Bd6 20. Bxf6 gxf6 21. Rd5
Bf4 22. Rxd4 Rg8 23. g3 b6 24. Qc3 bxc5 25. Rde4 Bh6 26. b4 Bb7 27. Re7 Qc6 28.
Qxc5 Rad8 29. Qf5 Rg7 30. b5 Qc3 31. Re8+ Rxe8 32. Rxe8+ Rg8 33. Qe6 Bf8 34.
Qf7 Bxf3 35. Rxf8 1-0

[Event "XII. DBMM Schach"]
[Site "Berlin"]
[Date "2012.10.13"]
[Round "5.3"]
[White "Knickel, Aaron"]
[Black "Salov, Sergej"]
[Result "0-1"]
[WhiteElo "2190"]
[BlackElo "2332"]
[Annotator "br"]
[PlyCount "170"]
[EventDate "2012.??.??"]
[Source "FV Schach e.V."]
[SourceDate "2012.10.14"]
[WhiteTeam "KPMG AG Frankfurt"]
[BlackTeam "SK Praesident Berlin"]
[WhiteTeamCountry "GER"]
[BlackTeamCountry "RUS"]

1. g3 c5 2. Bg2 Nc6 3. d3 g6 4. e4 Bg7 5. f4 d6 6. Nf3 Nf6 7. O-O O-O 8. c3 Rb8
9. a4 a6 10. h3 b5 11. axb5 axb5 12. g4 b4 13. f5 Nd7 14. Be3 Nde5 15. Nxe5
Nxe5 16. Qc2 Qb6 17. c4 Nc6 18. Nd2 Nd4 19. Qb1 Bb7 20. Nf3 Nxf3+ 21. Rxf3 Ra8
22. g5 Be5 23. fxg6 hxg6 24. Rxa8 Rxa8 25. Qc2 b3 26. Qe2 Ra1+ 27. Rf1 Rxf1+
28. Bxf1 Qa6 29. Bc1 Qa1 30. Qd2 Bd4+ 31. Kh2 Bc8 32. Kg3 Be5+ 33. Kf2 Bd7 34.
Bg2 Kg7 35. h4 Bd4+ 36. Kg3 Be5+ 37. Kf2 Bg4 38. Bf3 Bxf3 39. Kxf3 Qa8 40. Qg2
Qa5 41. Qe2 Qa1 42. Qd2 Qb1 43. Kg2 e6 44. Kf3 Qa1 45. Kg4 Qa8 46. Qd1 d5 47.
Qe2 dxc4 48. dxc4 Qd8 49. Be3 Bd4 50. Qd3 Qb6 51. Bxd4+ cxd4 52. e5 Qd8 53. Kf3
Qa8+ 54. Qe4 Qa7 55. Ke2 Qa1 56. Qxd4 Qb1 57. c5 Qc2+ 58. Ke3 Qc1+ 59. Kd3 Qc2+
60. Ke3 Qc1+ 61. Kf3 Qc2 62. Qf2 Qf5+ 63. Ke3 Qxe5+ 64. Kd3 Kg8 65. Kc4 Qd5+
66. Kb4 e5 67. Qe3 e4 68. Qxb3 Qd4+ 69. Kb5 e3 70. Qc2 Qd2 71. Qe4 e2 72. Qe8+
Kg7 73. Qe5+ Kg8 74. Qe8+ Kg7 75. Qe5+ Kh7 76. Qe8 Qxb2+ 77. Kc6 Qa2 78. Kd6
Qe6+ 79. Qxe6 fxe6 80. Kxe6 e1=Q+ 81. Kd7 Qxh4 82. c6 Qxg5 83. c7 Qd5+ 84. Ke8
Qc6+ 85. Kd8 Qd6+ 0-1

[Event "XII. DBMM Schach"]
[Site "Berlin"]
[Date "2012.10.13"]
[Round "5.4"]
[White "Gruzman, Boris"]
[Black "De Visser, Leon"]
[Result "0-1"]
[WhiteElo "2164"]
[BlackElo "2146"]
[Annotator "br"]
[PlyCount "64"]
[EventDate "2012.??.??"]
[Source "FV Schach e.V."]
[SourceDate "2012.10.14"]
[WhiteTeam "SK Praesident Berlin"]
[BlackTeam "KPMG AG Frankfurt"]
[WhiteTeamCountry "RUS"]
[BlackTeamCountry "GER"]

1. e4 c6 2. d4 d5 3. e5 c5 4. dxc5 e6 5. Be3 Nh6 6. c3 Nd7 7. Bb5 Nf5 8. Bd4 a6
9. Ba4 Be7 10. b4 a5 11. a3 O-O 12. Bxd7 Bxd7 13. Nf3 axb4 14. cxb4 f6 15. O-O
Be8 16. Bb2 Bh5 17. Nbd2 fxe5 18. Bxe5 Nh4 19. Qb3 Nxf3+ 20. Nxf3 Bxf3 21. gxf3
Bg5 22. Kh1 Bf4 23. Bxf4 Rxf4 24. Rae1 Qf6 25. Re3 Rf8 26. a4 Rh4 27. Rg1 Qf4
28. Rg3 Rf6 29. Qb2 Kf7 30. b5 Qc4 31. c6 Qf1+ 32. Rg1 Rxh2+ 0-1

[Event "XII. DBMM Schach"]
[Site "Berlin"]
[Date "2012.10.13"]
[Round "5.1"]
[White "Figura, Atila Gajo"]
[Black "Segerberg, Tomas"]
[Result "1/2-1/2"]
[WhiteElo "2322"]
[BlackElo "2038"]
[Annotator "br"]
[PlyCount "83"]
[EventDate "2012.??.??"]
[Source "FV Schach e.V."]
[SourceDate "2012.10.14"]
[WhiteTeam "SV Senat Berlin"]
[BlackTeam "Europ. Patentamt MUC"]
[WhiteTeamCountry "GER"]
[BlackTeamCountry "GER"]

1. d4 e6 2. c4 Nf6 3. Nc3 Bb4 4. Qc2 d5 5. a3 Bxc3+ 6. Qxc3 Ne4 7. Qc2 Nc6 8.
e3 e5 9. f3 Qh4+ 10. g3 Nxg3 11. Qf2 Nf5 12. Qxh4 Nxh4 13. cxd5 Na5 14. Bb5+ c6
15. dxc6 bxc6 16. Ba4 O-O 17. Bd2 Nc4 18. Bb4 Nxb2 19. Bxc6 Rb8 20. Bxf8 Kxf8
21. Ne2 Ba6 22. Rb1 Rb6 23. Ba8 Rb8 24. Be4 f5 25. Bc2 Nxf3+ 26. Kf2 Nd2 27.
Rbc1 exd4 28. Nxd4 g6 29. h4 Nbc4 30. h5 Kg7 31. hxg6 hxg6 32. Rcg1 Ne4+ 33.
Bxe4 fxe4 34. Re1 Ne5 35. Kg3 Bd3 36. Rh2 Nc4 37. Rf2 Rb6 38. a4 a6 39. Rf4 Nb2
40. Rf2 Nc4 41. Kh3 Rd6 42. Nb3 1/2-1/2

[Event "XII. DBMM Schach"]
[Site "Berlin"]
[Date "2012.10.13"]
[Round "5.2"]
[White "Domingo, Miguel"]
[Black "Kalinitschew, Sergej"]
[Result "1-0"]
[WhiteElo "2184"]
[BlackElo "2387"]
[Annotator "br"]
[PlyCount "125"]
[EventDate "2012.??.??"]
[Source "FV Schach e.V."]
[SourceDate "2012.10.14"]
[WhiteTeam "Europ. Patentamt MUC"]
[BlackTeam "SV Senat Berlin"]
[WhiteTeamCountry "GER"]
[BlackTeamCountry "GER"]

1. c4 e6 2. g3 d5 3. Bg2 dxc4 4. Qa4+ Nd7 5. Qxc4 a6 6. Qb3 Rb8 7. Nf3 b5 8.
O-O Bb7 9. Nc3 Ne7 10. d3 Nf5 11. e4 Nd6 12. Re1 Be7 13. d4 b4 14. Qxb4 Nxe4
15. Qa4 Nxc3 16. bxc3 O-O 17. Ne5 Nxe5 18. Rxe5 Bxg2 19. Kxg2 Rb6 20. Qc2 Qa8+
21. Qe4 Bd6 22. Qxa8 Rxa8 23. Ra5 Rc6 24. Bd2 Rb8 25. Rc1 Rb2 26. Be3 f6 27.
Kf3 Kf7 28. Ra4 f5 29. c4 e5 30. d5 e4+ 31. Kg2 Bc5 32. dxc6 Bxe3 33. Rf1 Bb6
34. Rxa6 g5 35. h3 h5 36. a4 g4 37. hxg4 hxg4 38. Rxb6 Rxb6 39. Ra1 Ke6 40. a5
Ra6 41. Kf1 Ke5 42. Ke2 Kd4 43. Ra4 Kc3 44. Ke3 Kb3 45. Ra1 Kb2 46. Ra4 Kb3 47.
Ra1 Kb2 48. Rh1 Rxa5 49. Rh7 Kc3 50. Rxc7 Rc5 51. Rf7 Rxc6 52. Rxf5 Kxc4 53.
Kxe4 Rg6 54. Rf4 Rg8 55. Kf5+ Kd5 56. Rxg4 Rf8+ 57. Kg6 Rxf2 58. Rf4 Rg2 59. g4
Ke6 60. Kh5 Ke5 61. Rf1 Rh2+ 62. Kg6 Rh8 63. g5 1-0

[Event "XII. DBMM Schach"]
[Site "Berlin"]
[Date "2012.10.13"]
[Round "5.3"]
[White "Von Herman, Ulf"]
[Black "Heer, Stephan"]
[Result "1-0"]
[WhiteElo "2317"]
[BlackElo "2054"]
[Annotator "br"]
[PlyCount "63"]
[EventDate "2012.??.??"]
[Source "FV Schach e.V."]
[SourceDate "2012.10.14"]
[WhiteTeam "SV Senat Berlin"]
[BlackTeam "Europ. Patentamt MUC"]
[WhiteTeamCountry "GER"]
[BlackTeamCountry "GER"]

1. c4 c5 2. g3 Nc6 3. Bg2 e5 4. Nc3 g6 5. Nf3 Bg7 6. d3 Nge7 7. Nd2 O-O 8. Nf1
Nf5 9. Ne3 Nxe3 10. Bxe3 d6 11. Qd2 Be6 12. Bh6 Rb8 13. h4 f5 14. h5 Bxh6 15.
Qxh6 Qf6 16. Nd5 Qg7 17. hxg6 hxg6 18. Qg5 Kf7 19. O-O-O Rh8 20. Nc7 Qf6 21.
Qd2 Rxh1 22. Rxh1 Rh8 23. Nb5 Rxh1+ 24. Bxh1 Qe7 25. Qh6 a6 26. Nc7 Qf6 27.
Qh7+ Kf8 28. Nxe6+ Qxe6 29. Qxb7 Nd4 30. e3 e4 31. Qxa6 exd3 32. Qa8+ 1-0

[Event "XII. DBMM Schach"]
[Site "Berlin"]
[Date "2012.10.13"]
[Round "5.4"]
[White "Jachs, Walter"]
[Black "Kachibadze, Georg"]
[Result "0-1"]
[WhiteElo "2066"]
[BlackElo "2298"]
[Annotator "br"]
[PlyCount "98"]
[EventDate "2012.??.??"]
[Source "FV Schach e.V."]
[SourceDate "2012.10.14"]
[WhiteTeam "Europ. Patentamt MUC"]
[BlackTeam "SV Senat Berlin"]
[WhiteTeamCountry "GER"]
[BlackTeamCountry "GER"]

1. e4 c5 2. c3 Nf6 3. e5 Nd5 4. Nf3 d6 5. d4 cxd4 6. Bc4 e6 7. O-O Nc6 8. cxd4
Be7 9. Qe2 Qc7 10. Nc3 Nxc3 11. bxc3 Bd7 12. Bd2 Na5 13. Bd3 d5 14. Rab1 Nc4
15. Bg5 Bf8 16. Bxc4 dxc4 17. Nd2 b5 18. Ne4 Bc6 19. f3 Qa5 20. f4 b4 21. cxb4
Qd5 22. Rfe1 Qxd4+ 23. Kh1 Rc8 24. b5 Bxe4 25. Qxe4 Qxe4 26. Rxe4 Ba3 27. Re2
O-O 28. Bh4 c3 29. Rc2 Bb2 30. Be7 Rfe8 31. Bd6 Rc4 32. g3 Ra4 33. a3 Rc4 34.
Kg2 h5 35. Kf3 Kh7 36. h3 Kg6 37. Rd1 Rd8 38. Re1 Rdc8 39. Re4 h4 40. g4 Rxe4
41. Kxe4 Rc4+ 42. Ke3 Ra4 43. Bb4 Bxa3 44. Bxa3 Rxa3 45. Kd3 Ra5 46. Rxc3 Rxb5
47. Ra3 a5 48. Ke3 Kh6 49. Kf3 g5 0-1

[Event "XII. DBMM Schach"]
[Site "Berlin"]
[Date "2012.10.13"]
[Round "5.1"]
[White "Seger, Ruediger"]
[Black "Schulz, Michael"]
[Result "1/2-1/2"]
[WhiteElo "2390"]
[BlackElo "2239"]
[Annotator "br"]
[PlyCount "38"]
[EventDate "2012.??.??"]
[Source "FV Schach e.V."]
[SourceDate "2012.10.14"]
[WhiteTeam "Deutsche Post Bonn"]
[BlackTeam "SV OSRAM Berlin"]
[WhiteTeamCountry "GER"]
[BlackTeamCountry "GER"]

1. e4 e6 2. d4 d5 3. Nd2 Nf6 4. e5 Nfd7 5. c3 c5 6. Bd3 Nc6 7. Ne2 Qb6 8. Nf3
cxd4 9. cxd4 f6 10. exf6 Nxf6 11. O-O Bd6 12. b3 O-O 13. Bf4 Bxf4 14. Nxf4 Ne4
15. Ne2 Bd7 16. Bxe4 dxe4 17. Ng5 Rad8 18. Qd2 e5 19. d5 Nd4 1/2-1/2

[Event "XII. DBMM Schach"]
[Site "Berlin"]
[Date "2012.10.13"]
[Round "5.2"]
[White "Hintze, Peter"]
[Black "Stanetzek, Carsten"]
[Result "1/2-1/2"]
[WhiteElo "2076"]
[BlackElo "2245"]
[Annotator "br"]
[PlyCount "41"]
[EventDate "2012.??.??"]
[Source "FV Schach e.V."]
[SourceDate "2012.10.14"]
[WhiteTeam "SV OSRAM Berlin"]
[BlackTeam "Deutsche Post Bonn"]
[WhiteTeamCountry "GER"]
[BlackTeamCountry "GER"]

1. e4 e5 2. Nf3 Nc6 3. c3 Nf6 4. d4 exd4 5. e5 Nd5 6. cxd4 Bb4+ 7. Bd2 Bxd2+ 8.
Nbxd2 d6 9. Bb5 O-O 10. O-O Nce7 11. Re1 c6 12. Bc4 Nf4 13. exd6 Qxd6 14. Ne4
Qg6 15. Ng3 Ned5 16. Bxd5 Nxd5 17. Re5 h6 18. Nh4 Qg4 19. Nhf5 Qxd1+ 20. Rxd1
Be6 21. Ne4 1/2-1/2

[Event "XII. DBMM Schach"]
[Site "Berlin"]
[Date "2012.10.13"]
[Round "5.3"]
[White "Gikas, Andreas Basilius"]
[Black "Rath, Alina"]
[Result "1-0"]
[WhiteElo "2210"]
[BlackElo "2023"]
[Annotator "br"]
[PlyCount "49"]
[EventDate "2012.??.??"]
[Source "FV Schach e.V."]
[SourceDate "2012.10.14"]
[WhiteTeam "Deutsche Post Bonn"]
[BlackTeam "SV OSRAM Berlin"]
[WhiteTeamCountry "GER"]
[BlackTeamCountry "GER"]

1. e4 c5 2. Nf3 Nc6 3. d4 cxd4 4. Nxd4 Nf6 5. Nc3 d6 6. Bc4 Na5 7. Be2 Bd7 8.
O-O Rc8 9. f4 e6 10. e5 Ng8 11. Kh1 d5 12. Bf3 g6 13. a3 h5 14. g3 Ne7 15. Re1
Nc4 16. b3 Na5 17. Bb2 a6 18. Nxd5 exd5 19. e6 fxe6 20. Nxe6 Bxe6 21. Bxh8 Kf7
22. Bxh5 Bf5 23. Bf3 Kg8 24. Bf6 Bxc2 25. Qe2 1-0

[Event "XII. DBMM Schach"]
[Site "Berlin"]
[Date "2012.10.13"]
[Round "5.4"]
[White "Rath, Oliver"]
[Black "Dehmel, Jens"]
[Result "0-1"]
[WhiteElo "1939"]
[BlackElo "2064"]
[Annotator "br"]
[PlyCount "38"]
[EventDate "2012.??.??"]
[Source "FV Schach e.V."]
[SourceDate "2012.10.14"]
[WhiteTeam "SV OSRAM Berlin"]
[BlackTeam "Deutsche Post Bonn"]
[WhiteTeamCountry "GER"]
[BlackTeamCountry "GER"]

1. c4 c6 2. Nc3 d5 3. d4 dxc4 4. Bf4 b5 5. e4 Bb7 6. a3 e6 7. f3 Nf6 8. Nge2 a6
9. Be3 Nbd7 10. Nf4 e5 11. Nfe2 Be7 12. Qc2 O-O 13. Rd1 Qc7 14. f4 exf4 15.
Bxf4 Qa5 16. Ng3 c5 17. Nf5 Rfe8 18. Ke2 cxd4 19. Nxd4 Bc5 0-1

[Event "XII. DBMM Schach"]
[Site "Berlin"]
[Date "2012.10.13"]
[Round "5.1"]
[White "Mueller, Ralf"]
[Black "Hohlfeld, Wolfgang"]
[Result "1/2-1/2"]
[WhiteElo "2412"]
[BlackElo "2134"]
[Annotator "br"]
[PlyCount "97"]
[EventDate "2012.??.??"]
[Source "FV Schach e.V."]
[SourceDate "2012.10.14"]
[WhiteTeam "SG Stern Stuttgart"]
[BlackTeam "Baubehoerde Hamburg"]
[WhiteTeamCountry "GER"]
[BlackTeamCountry "GER"]

1. d4 d5 2. c4 dxc4 3. e4 e5 4. Nf3 exd4 5. Qxd4 Qxd4 6. Nxd4 Nf6 7. Bxc4 Nxe4
8. O-O Nd6 9. Re1+ Be7 10. Bb3 c5 11. Bf4 cxd4 12. Bxd6 Be6 13. Bxe6 fxe6 14.
Rxe6 Nc6 15. Bxe7 Nxe7 16. Nd2 Kf7 17. Rae1 Nc6 18. Nc4 Rhb8 19. h4 Kf8 20. Nd6
Nb4 21. a3 Nc6 22. b4 a6 23. Rd1 g6 24. Nxb7 Rxb7 25. Rxc6 Rd7 26. Re6 Rd5 27.
Rd3 a5 28. b5 Rxb5 29. Rxd4 Ra7 30. Rf4+ Kg7 31. Re3 Rb1+ 32. Kh2 a4 33. Ree4
Rb3 34. Re3 Rxe3 35. fxe3 Re7 36. Rxa4 Rxe3 37. Ra7+ Kf6 38. g3 h5 39. Kg2 Rb3
40. Ra6+ Kg7 41. a4 Rb7 42. Kf3 Rb3+ 43. Kf4 Rb4+ 44. Ke5 Rg4 45. a5 Rxg3 46.
Rd6 g5 47. hxg5 Rxg5+ 48. Kf4 Rxa5 49. Kg3 1/2-1/2

[Event "XII. DBMM Schach"]
[Site "Berlin"]
[Date "2012.10.13"]
[Round "5.2"]
[White "Hedden, Helge"]
[Black "Sokratov, Stanislav"]
[Result "1/2-1/2"]
[WhiteElo "2073"]
[BlackElo "2173"]
[Annotator "br"]
[PlyCount "60"]
[EventDate "2012.??.??"]
[Source "FV Schach e.V."]
[SourceDate "2012.10.14"]
[WhiteTeam "Baubehoerde Hamburg"]
[BlackTeam "SG Stern Stuttgart"]
[WhiteTeamCountry "GER"]
[BlackTeamCountry "GER"]

1. c4 c5 2. g3 Nc6 3. Bg2 g6 4. Nc3 Bg7 5. Nf3 e5 6. O-O Nge7 7. Ne1 O-O 8. a3
d6 9. e3 Be6 10. d3 d5 11. cxd5 Nxd5 12. Nc2 Rc8 13. Qe2 h6 14. Rb1 Qd7 15.
Nxd5 Bxd5 16. Bxd5 Qxd5 17. b4 cxb4 18. Nxb4 Nxb4 19. Rxb4 Rc3 20. e4 Qd7 21.
Qb2 Rc7 22. Be3 b6 23. Rc4 Rfc8 24. Rfc1 Rxc4 25. dxc4 Qd6 26. c5 bxc5 27. Qb7
Qc7 28. Qxc7 Rxc7 29. Rxc5 Rxc5 30. Bxc5 Bf8 1/2-1/2

[Event "XII. DBMM Schach"]
[Site "Berlin"]
[Date "2012.10.13"]
[Round "5.3"]
[White "Scharrer, Udo"]
[Black "Hein, Ralf"]
[Result "0-1"]
[WhiteElo "2039"]
[BlackElo "2194"]
[Annotator "br"]
[PlyCount "124"]
[EventDate "2012.??.??"]
[Source "FV Schach e.V."]
[SourceDate "2012.10.14"]
[WhiteTeam "SG Stern Stuttgart"]
[BlackTeam "Baubehoerde Hamburg"]
[WhiteTeamCountry "GER"]
[BlackTeamCountry "GER"]

1. d4 d5 2. c4 e6 3. Nc3 Nf6 4. cxd5 exd5 5. Bg5 Be7 6. e3 O-O 7. Bd3 h6 8. Bh4
c6 9. Qc2 Re8 10. Nf3 Nbd7 11. O-O Ng4 12. Bg3 h5 13. Nxd5 Nf8 14. Nxe7+ Qxe7
15. h3 Nf6 16. Ne5 N6d7 17. Nc4 h4 18. Bh2 Qg5 19. Bf4 Qh5 20. Qe2 Qxe2 21.
Bxe2 Ne6 22. Bg4 Nxf4 23. exf4 Nb6 24. Nd6 Rd8 25. Bxc8 Rxd6 26. Bxb7 Rb8 27.
Ba6 Nd5 28. b3 Nxf4 29. g3 hxg3 30. fxg3 Nxh3+ 31. Kg2 Ng5 32. Rad1 c5 33. Bc4
cxd4 34. Rf5 Ne6 35. Ra5 Rb7 36. Kf3 Re7 37. Rd3 g6 38. Bxe6 Rdxe6 39. Rxd4
Re3+ 40. Kg2 Re2+ 41. Kh3 f5 42. Rd8+ Kg7 43. Ra8 Kf6 44. R8xa7 g5 45. R5a6+
R7e6 46. Rxe6+ Kxe6 47. Ra6+ Ke5 48. Ra4 Rb2 49. Ra5+ Ke4 50. Ra4+ Kf3 51. Ra5
g4+ 52. Kh4 f4 53. Rf5 Rh2+ 54. Kg5 Kxg3 55. a4 Rh8 56. a5 f3 57. a6 f2 58. b4
Rg8+ 59. Kh5 Kg2 60. b5 f1=Q 61. Rxf1 Kxf1 62. b6 g3 0-1

[Event "XII. DBMM Schach"]
[Site "Berlin"]
[Date "2012.10.13"]
[Round "5.4"]
[White "Albrecht, Norbert"]
[Black "Karthaus, Carsten"]
[Result "1/2-1/2"]
[WhiteElo "1856"]
[BlackElo "1965"]
[Annotator "br"]
[PlyCount "60"]
[EventDate "2012.??.??"]
[Source "FV Schach e.V."]
[SourceDate "2012.10.14"]
[WhiteTeam "Baubehoerde Hamburg"]
[BlackTeam "SG Stern Stuttgart"]
[WhiteTeamCountry "GER"]
[BlackTeamCountry "GER"]

1. e4 d5 2. exd5 Qxd5 3. Nc3 Qa5 4. d4 Nf6 5. Bd2 c6 6. Nf3 Bf5 7. Bc4 e6 8.
O-O Qc7 9. Re1 Be7 10. Bg5 O-O 11. Qe2 h6 12. Bh4 Re8 13. Bxf6 Bxf6 14. Ne5 Kf8
15. Rad1 Nd7 16. Bd3 Bxd3 17. Rxd3 Rad8 18. Qe4 Kg8 19. Rg3 Nxe5 20. dxe5 Be7
21. Qf4 Bg5 22. Qg4 f5 23. Qc4 Bd2 24. Re2 Bxc3 25. Qxc3 Rd5 26. Rge3 Red8 27.
g3 Qd7 28. Qb3 Kf7 29. Qa4 a6 30. Qh4 Qe7 1/2-1/2

[Event "XII. DBMM Schach"]
[Site "Berlin"]
[Date "2012.10.13"]
[Round "5.1"]
[White "Schuetze, Norman"]
[Black "Gempe, Thomas"]
[Result "1/2-1/2"]
[WhiteElo "2255"]
[BlackElo "2270"]
[Annotator "br"]
[PlyCount "26"]
[EventDate "2012.??.??"]
[Source "FV Schach e.V."]
[SourceDate "2012.10.14"]
[WhiteTeam "Emco GmbH Leipzig"]
[BlackTeam "ADAC Muenchen"]
[WhiteTeamCountry "GER"]
[BlackTeamCountry "GER"]

1. d4 Nf6 2. c4 g6 3. Nc3 d5 4. cxd5 Nxd5 5. e4 Nxc3 6. bxc3 Bg7 7. Bc4 c5 8.
Be3 Nc6 9. Ne2 O-O 10. O-O Bg4 11. f3 Na5 12. Bd3 cxd4 13. cxd4 Be6 1/2-1/2